Marvel Characters A-Z - Statistics

General Stats
  • This quiz has been taken 420 times
    404 since last reset
  • The average score is 21 of 26
Answer Stats
Letter Hint Answer % Correct
B Defender of Wakanda Blackpanther
98%
A Suit uses Pym particles Antman
97%
C Frozen since WW2 Captain America
97%
I Tony Stark alter ego Ironman
97%
H Bruce Banner alter ego Hulk
96%
F Sam Wilson's alter ego Falcon
95%
T God of Thunder Thor
94%
V Has the mind stone in his head Vision
92%
U Avengers age of ... Ultron
91%
G Villain from Spiderman 1 Green Goblin
86%
D ... the Destroyer Drax
85%
Q Gets killed in Avengers age of Ultron Quicksilver
85%
E Villain from Amazing Spiderman 2 Electro
82%
K One of the villains from Blackpanther Killmonger
82%
X Professor Charles... Xavier
78%
J The dark phoenix Jean Grey
73%
M Powerful mutant who can bend metal Magneto
73%
P Jean Grey Phoenix
73%
R Villain in Guardians of the Galaxy Ronan
73%
W Adamantium bones Wolverine
73%
Z Baron ... Zemo
73%
O Dr... Octopus
71%
Y Antagonist in Antman Yellow Jacket
66%
N The Submariner Namor
58%
S Daughter of Magneto Scarlet Witch
58%
L Hero for hire Luke Cage
41%
No matching quizzes found
Score Distribution
Percent of People with Each Score
Percentile by Number Answered
Your Score History
You have not taken this quiz since the last reset